Every Taylor Swift Eras Tour Stop in the U.S. (both legs included) - Statistics

General Stats
  • This quiz has been taken 7 times
  • The average score is 14 of 24
Answer Stats
Hint Answer % Correct
August 3, 2023Los Angeles, California August 4, 2023Los Angeles, California August 5, 2023Los Angeles, California Sofi Stadium
100%
August 7, 2023Los Angeles, California August 8, 2023Los Angeles, California August 9, 2023Los Angeles, California Sofi Stadium
100%
July 7, 2023Kansas City, Missouri July 8, 2023Kansas City, Missouri n/a Arrowhead Stadium
83%
October 18, 2024Miami, Florida October 19, 2024Miami, Florida October 20, 2024Miami, Florida Hard Rock Stadium
83%
November 1, 2024Indianapolis, Indiana November 2, 2024Indianapolis, Indiana November 3, 2024(MY SHOW) Indianapolis, Indiana Lucas Oil Stadium
83%
June 16, 2023Pittsburgh, Pennsylvania June 17, 2023Pittsburgh, Pennsylvania (MY SHOW) n/a Acrisure Stadium / Heinz Field
67%
October 25, 2024New Orleans, Louisiana October 26, 2024New Orleans, Louisiana October 27, 2024New Orleans, Louisiana Caesars Superdome
67%
July 28, 2023Santa Clara, California July 29, 2023Santa Clara, California n/a Levi's Stadium
67%
March 31, 2023Arlington, Texas April 1, 2023Arlington, Texas April 2, 2023Arlington, Texas AT&T Stadium
50%
July 14, 2023Denver, Colorado July 15, 2023Denver, Colorado n/a Empower Field
50%
May 19, 2023Foxborough, Massachusetts May 20, 2023Foxborough, Massachusetts May 21, 2023Foxborough, Massachusetts Gillette Stadium
50%
May 12, 2023Philadelphia, Pennsylvania May 13, 2023Philadelphia, Pennsylvania May 14, 2023Philadelphia, Pennsylvania Lincoln Financial Field
50%
July 22, 2023Seattle, Washington July 23, 2023Seattle, Washington n/a Lumen Field
50%
May 26, 2023East Rutherford, New Jersey May 27, 2023East Rutherford, New Jersey May 28, 2023East Rutherford, New Jersey MetLife Stadium
50%
May 5, 2023Nashville, Tennessee May 6, 2023Nashville, Tennessee May 7, 2023Nashville, Tennessee Nissan Stadium
50%
June 30, 2023Cincinnati, Ohio July 1, 2023Cincinnati, Ohio n/a Paycor Stadium
50%
April 13, 2023Tampa, Florida April 14, 2023Tampa, Florida April 15, 2023Tampa, Florida Raymond James Stadium
50%
March 17, 2023Glendale Arizona March 18, 2023Glendale, Arizona n/a State Farm Stadium
50%
June 23, 2023Minneapolis, Minnesota June 24, 2023Minneapolis, Minnesota n/a U.S. Bank Stadium
50%
March 24, 2023Las Vegas, Nevada March 25, 2023Las Vegas, Nevada n/a Allegiant Stadium
33%
June 9, 2023Detroit, Michigan June 10, 2023Detroit, Michigan n/a Ford Field
33%
April 28, 2023Atlanta, Georgia April 29, 2023Atlanta Georgia April 30, 2023Atlanta Georgia Mercedes-Benz Stadium
33%
April 21, 2023Houston, Texas April 22, 2023Houston, Texas April 23, 2023Houston, Texas NRG Stadium
33%
June 2, 2023Chicago, Illinois June 3, 2023Chicago, Illinois June 4, 2024Chicago, Illinois Soldier Field
33%
No matching quizzes found
Score Distribution
Percent of People with Each Score
Percentile by Number Answered
Your Score History
You have not taken this quiz